NLSUI OPAC header image

A Geographical, statistical, and historical description of Hindostan and the adjacent countries-Vol-2 (Record no. 209068)

MARC details
000 -LEADER
fixed length control field 00481nam a2200121Ia 4500
008 - FIXED-LENGTH DATA ELEMENTS--GENERAL INFORMATION
fixed length control field 210327s9999 xx 000 0 und d
100 ## - MAIN ENTRY--PERSONAL NAME
Personal name Hamilton, w.
245 #2 - TITLE STATEMENT
Title A Geographical, statistical, and historical description of Hindostan and the adjacent countries-Vol-2
260 ## - PUBLICATION, DISTRIBUTION, ETC.
Date of publication, distribution, etc. Year : 1820
650 ## - SUBJECT ADDED ENTRY--TOPICAL TERM
Topical term or geographic name entry element GEOGRAPHY
856 ## - ELECTRONIC LOCATION AND ACCESS
Uniform Resource Identifier <a href="http://kkvlibrary.com/2020/12/30/a-geographical-statistical-and-historical-description-of-hindostan-and-the-adjacent-countries-vol-2/">http://kkvlibrary.com/2020/12/30/a-geographical-statistical-and-historical-description-of-hindostan-and-the-adjacent-countries-vol-2/</a>
942 ## - ADDED ENTRY ELEMENTS (KOHA)
Koha item type KK Venugopal Library Digital Collection
Holdings
Withdrawn status Lost status Source of classification or shelving scheme Damaged status Not for loan Home library Current library Date acquired Total Checkouts Barcode Date last seen Price effective from Koha item type
    Dewey Decimal Classification     . . 28.11.2024   KKV01 28.11.2024 28.11.2024 KK Venugopal Library Digital Collection